[Event "2LD 24/25,Jihlava A-Lipky HK B"]
[Site ""]
[Date "2024.10.13"]
[Round "1.7"]
[White "Rybacek, Martin"]
[Black "Novak, Radomir"]
[WhiteElo "1868"]
[BlackElo "2067"]
[Result "1-0"]
[PlyCount "135"]

1. Nf3 d5 2. g3 c6 3. Bg2 Nf6 4. O-O Bf5 5. d3 e6 6. c4 dxc4 7. dxc4 Qxd1 8.
Rxd1 Nbd7 9. Nc3 e5 10. Ng5 Rd8 11. Be3 a6 12. h3 h6 13. Nge4 Nxe4 14. Nxe4
Bxe4 15. Bxe4 g6 16. Bc2 Nc5 17. b4 Rxd1+ 18. Rxd1 Ne6 19. b5 cxb5 20. cxb5
axb5 21. Rd5 b4 22. Rxe5 Kd7 23. Rb5 Kc8 24. Be4 Nd8 25. Bd4 Rh7 26. Bf6 Nc6
27. h4 h5 28. Kf1 Kc7 29. Ke1 Bg7 30. Bxg7 Rxg7 31. Bxc6 Kxc6 32. Rxb4 b5 33.
Kd2 f6 34. Kc3 Re7 35. e3 Kc5 36. Rd4 g5 37. Kb3 Re5 38. Kc3 Re7 39. Rd8 gxh4
40. gxh4 Ra7 41. Kb3 Re7 42. Rd4 Re5 43. Rf4 f5 44. Kc3 Rd5 45. f3 Re5 46. Kd3
Kd6 47. Rd4+ Ke7 48. e4 Ke6 49. f4 Rc5 50. e5 Rc1 51. Rd6+ Ke7 52. Rh6 Rf1 53.
Ke3 Re1+ 54. Kf2 Ra1 55. Rxh5 Rxa2+ 56. Ke3 Ra3+ 57. Kd2 Ke6 58. Rh6+ Kd5 59.
Rd6+ Ke4 60. e6 Ra2+ 61. Kc3 Kxf4 62. Rd4+ Kg3 63. h5 Ra8 64. h6 f4 65. e7 Re8
66. h7 f3 67. Rd8 Rxe7 68. h8=Q 1-0

[Event "2LD 24/25,Jihlava A-Lipky HK B"]
[Site ""]
[Date "2024.10.13"]
[Round "1.8"]
[White "Tichy, Miroslav"]
[Black "Policar, Martin"]
[WhiteElo "1982"]
[BlackElo "1844"]
[Result "1-0"]
[PlyCount "67"]

1. e4 c5 2. Nc3 Nc6 3. g3 g6 4. Bg2 Bg7 5. d3 e6 6. Be3 d6 7. Qd2 Nge7 8. Bh6
O-O 9. h4 Nd4 10. O-O-O b5 11. h5 d5 12. Bxg7 Kxg7 13. hxg6 fxg6 14. Qh6+ Kf7
15. exd5 exd5 16. Qxh7+ Ke6 17. Re1+ Kd6 18. f4 b4 19. Nd1 Re8 20. Nf3 Qa5 21.
Kb1 b3 22. axb3 Bf5 23. Nxd4 cxd4 24. Qf7 Rac8 25. Qf6+ Kd7 26. Qxd4 Rc6 27. b4
Qa4 28. Nc3 Rxc3 29. Qxc3 Rc8 30. Rxe7+ Kxe7 31. Rh7+ Kd6 32. Qe5+ Kc6 33.
Qxd5+ Kb6 34. Qb7# 1-0

[Event "2LD 24/25,Lanskroun-Polabiny C"]
[Site ""]
[Date "2024.10.13"]
[Round "1.1"]
[White "Vyprachticky, David"]
[Black "Stocek, Martin"]
[WhiteElo "2352"]
[BlackElo "2089"]
[Result "1-0"]
[PlyCount "111"]

1. c4 e6 2. Nc3 d5 3. e3 Nf6 4. Nf3 Be7 5. b3 c5 6. Bb2 Nc6 7. cxd5 exd5 8. Bb5
O-O 9. d4 Bg4 10. Be2 Bxf3 11. Bxf3 cxd4 12. exd4 Bb4 13. O-O Qa5 14. Na4 Rad8
15. a3 Bd6 16. Rc1 Qc7 17. g3 Qd7 18. Nc5 Bxc5 19. dxc5 Qf5 20. Bg2 Ne4 21. Qc2
Qg6 22. f3 Ng5 23. Qxg6 hxg6 24. Rfd1 Ne6 25. b4 a6 26. f4 d4 27. Rd3 f5 28. h4
Rd7 29. Rc4 Kf7 30. Rc1 Rfd8 31. Rcd1 Ne7 32. Kf2 Ng8 33. Bf3 Nf6 34. Re1 Nd5
35. Bd1 Nf6 36. Bb3 Ne4+ 37. Kf3 Ke7 38. g4 Nc7 39. h5 Kf6 40. g5+ Ke7 41. hxg6
Rh8 42. Rxe4+ fxe4+ 43. Kxe4 Nb5 44. a4 Nc3+ 45. Bxc3 dxc3 46. Rxc3 Rhd8 47. b5
axb5 48. axb5 Rd4+ 49. Ke3 Rb4 50. Bc4 Rc8 51. Kd4 Rd8+ 52. Ke5 Rc8 53. c6 bxc6
54. f5 Kf8 55. f6 cxb5 56. Rh3 1-0

[Event "2LD 24/25,Lanskroun-Polabiny C"]
[Site ""]
[Date "2024.10.13"]
[Round "1.2"]
[White "Lihotsky, Lukas"]
[Black "Kupsa, Matej"]
[WhiteElo "2074"]
[BlackElo "2145"]
[Result "1/2-1/2"]
[PlyCount "84"]

1. d4 Nf6 2. c4 e6 3. Nf3 d5 4. Nc3 c5 5. cxd5 Nxd5 6. e4 Nxc3 7. bxc3 cxd4 8.
cxd4 Bb4+ 9. Bd2 Bxd2+ 10. Qxd2 O-O 11. Bc4 Nd7 12. O-O b6 13. a4 Bb7 14. Bd3
Qe7 15. a5 Rac8 16. axb6 axb6 17. Ra7 Rc7 18. Qf4 Rfc8 19. d5 Qc5 20. Rxb7 Rxb7
21. Ba6 Rbb8 22. Bxc8 Rxc8 23. dxe6 fxe6 24. Ng5 Qe7 25. h3 h6 26. Nf3 b5 27.
Rb1 b4 28. e5 Rb8 29. Qc4 Kf7 30. Qf4+ Kg8 31. Qc4 Rb6 32. Qc8+ Kh7 33. Qc2+
Kg8 34. Qc8+ Kf7 35. Qc4 Qc5 36. Qf4+ Kg8 37. Rc1 Qf8 38. Qd4 Rb7 39. Qc4 Qe7
40. Nd4 Nxe5 41. Qc8+ Kf7 42. Nxe6 Rd7 1/2-1/2

[Event "2LD 24/25,Lanskroun-Polabiny C"]
[Site ""]
[Date "2024.10.13"]
[Round "1.3"]
[White "Pokorny, Tomas"]
[Black "Varejcko, Josef"]
[WhiteElo "2193"]
[BlackElo "2096"]
[Result "1/2-1/2"]
[PlyCount "48"]

1. d4 Nf6 2. c4 c5 3. d5 b5 4. cxb5 a6 5. bxa6 Bxa6 6. Nc3 d6 7. e4 Bxf1 8.
Kxf1 g6 9. Nf3 Bg7 10. g3 O-O 11. Kg2 Nbd7 12. a4 Qb6 13. Qe2 Rfb8 14. Nb5 Ne8
15. Ra3 Nc7 16. Nxc7 Qxc7 17. b3 c4 18. Qxc4 Qxc4 19. bxc4 Nc5 20. Be3 Nxa4 21.
Nd4 Bxd4 22. Bxd4 Rb4 23. Rc1 Rc8 24. e5 dxe5 1/2-1/2

[Event "2LD 24/25,Lanskroun-Polabiny C"]
[Site ""]
[Date "2024.10.13"]
[Round "1.4"]
[White "Kulhanek, Jachym"]
[Black "Duriancik, Michal"]
[WhiteElo "1960"]
[BlackElo "1938"]
[Result "1-0"]
[PlyCount "57"]

1. e4 c6 2. d4 d5 3. exd5 cxd5 4. c4 Nf6 5. Nf3 e6 6. Nc3 Be7 7. cxd5 exd5 8.
Bd3 O-O 9. O-O Nc6 10. h3 h6 11. Bf4 Be6 12. Kh1 Rc8 13. Rg1 Bd6 14. Qd2 Bxf4
15. Qxf4 Qb6 16. Qd2 Qb4 17. g4 Ne8 18. Rae1 Qd6 19. Bf1 f5 20. g5 h5 21. Nb5
Qd7 22. Qe2 a6 23. Nc3 Nc7 24. g6 f4 25. Ne5 Nxe5 26. Qxh5 Rfe8 27. dxe5 Qe7
28. Qh7+ Kf8 29. Rg4 1-0

[Event "2LD 24/25,Lanskroun-Polabiny C"]
[Site ""]
[Date "2024.10.13"]
[Round "1.5"]
[White "Beil, Zdenek"]
[Black "Cerny, Jan"]
[WhiteElo "2178"]
[BlackElo "1969"]
[Result "1/2-1/2"]
[PlyCount "47"]

1. d4 d5 2. c4 c6 3. Nf3 Nf6 4. Nc3 dxc4 5. a4 Bg4 6. Ne5 Bh5 7. g3 Na6 8. Bg2
Nb4 9. O-O e6 10. Nxc4 a5 11. h3 Be7 12. g4 Bg6 13. e4 Nd7 14. Bf4 O-O 15. Qd2
f6 16. Rad1 Nb6 17. Qe2 Nxc4 18. Qxc4 Bf7 19. Qe2 Qb6 20. Rfe1 Rad8 21. Be3 Qc7
22. f4 Rd7 23. Qf2 Re8 24. Kh1 1/2-1/2

[Event "2LD 24/25,Lanskroun-Polabiny C"]
[Site ""]
[Date "2024.10.13"]
[Round "1.6"]
[White "Danek, Pavel"]
[Black "Mikyska, Kamil"]
[WhiteElo "1949"]
[BlackElo "1996"]
[Result "0-1"]
[PlyCount "102"]

1. d4 Nf6 2. Nf3 e6 3. Bg5 Be7 4. e3 O-O 5. Bd3 d5 6. Nbd2 Nbd7 7. c3 h6 8. Bh4
c5 9. O-O b6 10. Ne5 Bb7 11. f4 c4 12. Bc2 b5 13. a3 a5 14. Nxd7 Nxd7 15. Bxe7
Qxe7 16. e4 dxe4 17. Bxe4 Nf6 18. Bxb7 Qxb7 19. Qf3 Qxf3 20. Rxf3 g6 21. h3
Rfc8 22. Kf2 Rab8 23. Rc1 Nd5 24. g4 Rc6 25. f5 exf5 26. gxf5 g5 27. Ne4 b4 28.
axb4 axb4 29. Rc2 Kg7 30. Kg3 Re8 31. Re2 bxc3 32. bxc3 Nf4 33. Ree3 Nd5 34.
Re2 Rb6 35. h4 f6 36. Kg4 Rb1 37. hxg5 hxg5 38. Ng3 Rxe2 39. Nxe2 Rb2 40. Ng3
Rh2 41. Nf1 Re2 42. Ng3 Ne3+ 43. Rxe3 Rxe3 44. d5 Kf7 45. d6 Rxc3 46. Ne4 Rd3
47. Kh5 Rd4 48. d7 Rxe4 49. d8=N+ Kg7 50. Ne6+ Rxe6 51. fxe6 c3 0-1

[Event "2LD 24/25,Lanskroun-Polabiny C"]
[Site ""]
[Date "2024.10.13"]
[Round "1.7"]
[White "Pokorny, Jiri"]
[Black "Kuzmin, Sergej"]
[WhiteElo "1837"]
[BlackElo "1974"]
[Result "0-1"]
[PlyCount "58"]

1. e4 c5 2. c3 d5 3. exd5 Qxd5 4. Nf3 Nf6 5. Na3 a6 6. Bc4 Qd8 7. Qa4+ Nbd7 8.
O-O e6 9. Ng5 Nd5 10. Bxd5 exd5 11. Qf4 Nf6 12. Nc2 Be7 13. d4 c4 14. b3 h6 15.
Nf3 b5 16. Re1 O-O 17. Ne5 Bb7 18. Ne3 Ne4 19. Nf5 Bg5 20. Qf3 cxb3 21. axb3
Bc8 22. Ba3 Re8 23. Nxh6+ Bxh6 24. Qxf7+ Kh8 25. Ng6+ Kh7 26. Be7 Qd7 27. Ne5
Qxe7 28. Qg6+ Kg8 29. Qc6 Bb7 0-1

[Event "2LD 24/25,Lanskroun-Polabiny C"]
[Site ""]
[Date "2024.10.13"]
[Round "1.8"]
[White "Halousek, Jaroslav"]
[Black "Solil, Roman"]
[WhiteElo "1845"]
[BlackElo "1927"]
[Result "0-1"]
[PlyCount "88"]

1. Nf3 Nf6 2. g3 g6 3. b3 Bg7 4. Bb2 O-O 5. Bg2 d6 6. d4 Bg4 7. O-O c6 8. c4
Nbd7 9. h3 Bxf3 10. Bxf3 Qc7 11. Nc3 Rfe8 12. Qc2 e5 13. dxe5 dxe5 14. e3 Nf8
15. Rfd1 Rad8 16. Rxd8 Rxd8 17. Rd1 Rxd1+ 18. Qxd1 Ne6 19. Ne4 Nxe4 20. Bxe4
Qe7 21. Bg2 f5 22. Qd2 e4 23. Bxg7 Kxg7 24. h4 Kf7 25. Bf1 b6 26. b4 c5 27. b5
Qd8 28. Qxd8 Nxd8 29. Be2 Kf6 30. Kg2 Nf7 31. Kf1 h6 32. Kg2 Ne5 33. Kf1 g5 34.
hxg5+ Kxg5 35. Ke1 h5 36. Kd2 h4 37. gxh4+ Kxh4 38. Ke1 Kg5 39. Kd2 f4 40. Ke1
f3 41. Bf1 Kh4 42. Kd2 Ng4 43. Ke1 Nh2 44. a3 Kg4 0-1

[Event "2LD 24/25,Policka-Lipa"]
[Site ""]
[Date "2024.10.13"]
[Round "1.1"]
[White "Cesenek, Jan"]
[Black "Gloser, David"]
[WhiteElo "2039"]
[BlackElo "2329"]
[Result "0-1"]
[PlyCount "66"]

1. c4 e6 2. g3 d5 3. Bg2 Nf6 4. Nf3 d4 5. b4 a5 6. b5 c5 7. a4 Nbd7 8. d3 e5 9.
Bg5 h6 10. Bxf6 Qxf6 11. h4 Be7 12. Nbd2 O-O 13. Qc2 Qe6 14. O-O-O Nf6 15. h5
Ng4 16. Rdf1 Qb6 17. Kb2 Be6 18. Nh4 Rae8 19. Ne4 Qc7 20. Bh3 b6 21. Kb3 Qd7
22. Qd2 Bxh4 23. gxh4 f5 24. Bxg4 fxg4 25. f3 Rf4 26. fxg4 Bxc4+ 27. dxc4 Rxe4
28. g5 Re3+ 29. Kb2 Qe6 30. Rc1 Rf8 31. Rh2 Qg4 32. gxh6 Qf4 33. hxg7 Rf6 0-1

[Event "2LD 24/25,Policka-Lipa"]
[Site ""]
[Date "2024.10.13"]
[Round "1.2"]
[White "Cheraghi, Amin"]
[Black "Houska, Bronislav"]
[WhiteElo "2315"]
[BlackElo "2000"]
[Result "1-0"]
[PlyCount "95"]

1. Nf3 c5 2. c4 g6 3. Nc3 Bg7 4. e3 Nf6 5. d4 cxd4 6. Nxd4 O-O 7. Be2 Nc6 8.
O-O d5 9. Nxc6 bxc6 10. Qa4 Qb6 11. Rd1 e6 12. Qc2 Ba6 13. b3 Rab8 14. Na4 Qb4
15. Bb2 Rfd8 16. Be5 Rbc8 17. Qb2 Ne8 18. Bxg7 Nxg7 19. a3 Qe7 20. Qc3 dxc4 21.
b4 Rxd1+ 22. Rxd1 Rd8 23. Rxd8+ Qxd8 24. Nc5 Qc8 25. g4 Ne8 26. h4 Nc7 27. h5
gxh5 28. gxh5 Qf8 29. Nxa6 Nxa6 30. Bxc4 Nc7 31. Kf1 Qg7 32. Qd3 Nd5 33. Bxd5
exd5 34. Qf5 Qa1+ 35. Kg2 Qg7+ 36. Kf3 Qg1 37. Ke2 h6 38. Qf4 Qg5 39. Qb8+ Kg7
40. Qxa7 Qxh5+ 41. Kd2 Qf3 42. Qd4+ f6 43. Qh4 Kf7 44. a4 d4 45. a5 dxe3+ 46.
fxe3 Qg2+ 47. Kc3 Qf1 48. Qc4+ 1-0

[Event "2LD 24/25,Policka-Lipa"]
[Site ""]
[Date "2024.10.13"]
[Round "1.3"]
[White "Kastner, Oldrich"]
[Black "Jirasek, Pavel"]
[WhiteElo "2013"]
[BlackElo "2264"]
[Result "0-1"]
[PlyCount "88"]

1. d4 Nf6 2. Nf3 d5 3. Bf4 c5 4. e3 Nc6 5. Nbd2 cxd4 6. exd4 Qb6 7. Nb3 Bf5 8.
c3 e6 9. a4 a5 10. Bb5 Be7 11. O-O h6 12. Ne5 O-O 13. Re1 Rad8 14. Nc1 Nxe5 15.
Bxe5 Ne4 16. Ne2 Bd6 17. Bxd6 Nxd6 18. Bd3 Rfe8 19. Bxf5 Nxf5 20. Qd3 Nd6 21.
Ng3 Rc8 22. Re2 Rc4 23. Nh5 Rec8 24. Qg3 Nf5 25. Qg4 Qd8 26. Re5 g6 27. Nf4 Qf6
28. Qf3 Nxd4 29. cxd4 Rxd4 30. Nxd5 Qxf3 31. Ne7+ Kf8 32. Nxg6+ Kg7 33. gxf3
Kxg6 34. Rxa5 Rb4 35. Rb5 Rxb5 36. axb5 Rc5 37. Ra5 b6 38. Ra4 Rxb5 39. Rg4+
Kf6 40. b4 Rg5 41. Kg2 h5 42. Rxg5 Kxg5 43. Kg3 e5 44. b5 f6 0-1

[Event "2LD 24/25,Policka-Lipa"]
[Site ""]
[Date "2024.10.13"]
[Round "1.4"]
[White "Rokos, Filip"]
[Black "Lorenc, Oldrich"]
[WhiteElo "2157"]
[BlackElo "1996"]
[Result "1-0"]
[PlyCount "103"]

1. e4 d5 2. exd5 Nf6 3. c4 c6 4. d4 cxd5 5. Nc3 e6 6. Nf3 Be7 7. c5 O-O 8. Bf4
Nc6 9. Bb5 Ne4 10. Bxc6 Nxc3 11. bxc3 bxc6 12. Qa4 Bd7 13. O-O f6 14. Qa3 g5
15. Bd6 g4 16. Nd2 Rf7 17. Rfe1 Qf8 18. c4 Qg7 19. Qa6 Qf8 20. cxd5 exd5 21.
Bf4 Qc8 22. Qa3 Bf5 23. Re3 Qb7 24. Rae1 h5 25. Nf1 h4 26. Rb3 Qd7 27. Qb2 Bf8
28. Rb8 Rxb8 29. Qxb8 Qb7 30. Re8 Qxb8 31. Rxb8 Kg7 32. Ne3 Be6 33. Kf1 Kg6 34.
Ke2 Bh6 35. Bxh6 Kxh6 36. f4 f5 37. Kd3 Kg7 38. Nc2 Rf8 39. Rxf8 Kxf8 40. Kc3
Ke7 41. Kb4 Bc8 42. Ka5 Kd7 43. Nb4 Kc7 44. Nd3 Kb7 45. Ne5 Be6 46. h3 Bc8 47.
Ng6 Kc7 48. Nxh4 Be6 49. Ka6 Kb8 50. Ng6 Bc8+ 51. Ka5 Kb7 52. Ne7 1-0

[Event "2LD 24/25,Policka-Lipa"]
[Site ""]
[Date "2024.10.13"]
[Round "1.5"]
[White "Komarkova, Magdalena"]
[Black "Pokorny, Zdenek"]
[WhiteElo "1960"]
[BlackElo "2196"]
[Result "1/2-1/2"]
[PlyCount "34"]

1. e4 e5 2. Nf3 Nc6 3. Bb5 a6 4. Ba4 Nf6 5. O-O b5 6. Bb3 Be7 7. Re1 d6 8. c3
Bg4 9. d3 O-O 10. h3 Be6 11. d4 Bxb3 12. Qxb3 h6 13. Nbd2 Re8 14. Nf1 exd4 15.
cxd4 Bf8 16. Ng3 Ne7 17. Bd2 c5 1/2-1/2

[Event "2LD 24/25,Policka-Lipa"]
[Site ""]
[Date "2024.10.13"]
[Round "1.6"]
[White "Szucs, Matyas"]
[Black "Sodomka, Adam"]
[WhiteElo "2098"]
[BlackElo "1948"]
[Result "0-1"]
[PlyCount "88"]

1. e4 c5 2. Ne2 d5 3. exd5 Nf6 4. c4 e6 5. dxe6 Bxe6 6. Nf4 Bf5 7. Nc3 Nc6 8.
Be2 Bd6 9. d3 O-O 10. g4 Bd7 11. g5 Ne8 12. Be3 Nc7 13. Qd2 Nd4 14. Bxd4 cxd4
15. Ne4 Bc6 16. Rg1 Bxe4 17. dxe4 Qe7 18. O-O-O Qxe4 19. Rg4 Rfe8 20. Bd3 Qf3
21. Rdg1 g6 22. Rh4 a5 23. a3 a4 24. Kc2 b5 25. Rg3 Qh1 26. Rgh3 Re1 27. Rxh7
Be5 28. Ne2 Ra1 29. Nc1 b4 30. axb4 a3 31. bxa3 R8xa3 32. Qf4 R3a2+ 33. Kb3
Ra3+ 34. Kb2 Qxc1+ 35. Qxc1 R1a2+ 36. Kb1 Ra1+ 37. Kb2 R1a2+ 38. Kb1 Ra1+ 39.
Kc2 Rc3+ 40. Kb2 Raxc1 41. f4 Bg7 42. R7h4 Rd1 43. b5 Rd2+ 44. Kb1 Rdxd3 0-1

[Event "2LD 24/25,Policka-Lipa"]
[Site ""]
[Date "2024.10.13"]
[Round "1.7"]
[White "Svanda, Radek"]
[Black "Sedivy, Martin"]
[WhiteElo "1845"]
[BlackElo "2104"]
[Result "0-1"]
[PlyCount "76"]

1. c4 Nf6 2. Nc3 d5 3. cxd5 Nxd5 4. g3 e6 5. Bg2 Be7 6. Nf3 O-O 7. O-O b6 8. d4
Bb7 9. Ne5 Nxc3 10. bxc3 Bxg2 11. Kxg2 Nc6 12. Nxc6 Qd5+ 13. Kg1 Qxc6 14. Qb3
Rfd8 15. f3 e5 16. Be3 Bf6 17. Rad1 Qe8 18. d5 e4 19. f4 c6 20. c4 Rac8 21.
dxc6 Rxd1 22. Rxd1 Qxc6 23. Rc1 Be7 24. Qb5 Bc5 25. Bxc5 Qxc5+ 26. Qxc5 Rxc5
27. Kf2 Ra5 28. Rc2 Ra3 29. c5 bxc5 30. Rxc5 g6 31. Rc2 h5 32. h3 h4 33. gxh4
Rxh3 34. Kg2 Rxh4 35. Kg3 Rh5 36. Rc4 Ra5 37. Rxe4 Rxa2 38. Kg4 f5+ 0-1

[Event "2LD 24/25,Policka-Lipa"]
[Site ""]
[Date "2024.10.13"]
[Round "1.8"]
[White "Sucharda, Tomas"]
[Black "Navratil, Ladislav"]
[WhiteElo "2015"]
[BlackElo "1831"]
[Result "1-0"]
[PlyCount "51"]

1. b3 Nf6 2. Bb2 d5 3. e3 Nc6 4. d4 Bf5 5. Bd3 Bg6 6. Nf3 e6 7. O-O Bd6 8. c4
Nb4 9. Bxg6 hxg6 10. c5 Be7 11. a3 Nc6 12. b4 Ne4 13. Qa4 Kf8 14. Nc3 Bf6 15.
Nxe4 dxe4 16. Nd2 Qd5 17. Qc2 Qh5 18. h3 Qe2 19. Rac1 Rh4 20. Rfe1 Qd3 21. Qxd3
exd3 22. Nf3 e5 23. Red1 Rh5 24. dxe5 Nxe5 25. Bxe5 Bxe5 26. g4 1-0

[Event "2LD 24/25,Namest n/Osl B-Lipa"]
[Site ""]
[Date "2024.11.03"]
[Round "2.1"]
[White "Hladky, Tadeas"]
[Black "Cheraghi, Amin"]
[WhiteElo "2081"]
[BlackElo "2332"]
[Result "1/2-1/2"]
[PlyCount "95"]

1. e4 c5 2. Nf3 Nc6 3. Bb5 e5 4. O-O Bd6 5. c3 a6 6. Bxc6 dxc6 7. d4 exd4 8.
cxd4 Bg4 9. dxc5 Bxc5 10. Qc2 Qe7 11. Nbd2 Nf6 12. Re1 Bxf3 13. Nxf3 Ng4 14.
Re2 Ne5 15. Nxe5 Qxe5 16. Be3 Bxe3 17. Rxe3 O-O-O 18. Re2 Rd4 19. Rae1 Rhd8 20.
h3 Rd3 21. a3 R8d7 22. Qc1 g5 23. Rc2 h6 24. g3 Qd4 25. Kg2 Qf6 26. Rce2 Qf3+
27. Kg1 h5 28. Qxg5 Rd1 29. Qe3 Qf6 30. Rxd1 Rxd1+ 31. Kg2 Qe6 32. Qc5 h4 33.
Qf5 Kd7 34. Qxe6+ Kxe6 35. Kf3 f5 36. exf5+ Kxf5 37. g4+ Kf6 38. Kg2 Rd4 39.
Re3 c5 40. b3 b6 41. Kf3 c4 42. Rc3 cxb3 43. Rxb3 b5 44. Rc3 Ke5 45. Re3+ Kf6
46. Rc3 Ke5 47. Ke2 Ra4 48. Ke3 1/2-1/2

[Event "2LD 24/25,Namest n/Osl B-Lipa"]
[Site ""]
[Date "2024.11.03"]
[Round "2.2"]
[White "Rokos, Filip"]
[Black "Setina, Vaclav"]
[WhiteElo "2161"]
[BlackElo "2128"]
[Result "1-0"]
[PlyCount "61"]

1. e4 c5 2. Nf3 Nc6 3. d4 cxd4 4. Nxd4 g6 5. Nc3 Bg7 6. Be3 Nf6 7. Bc4 O-O 8.
Bb3 Re8 9. h3 d5 10. exd5 Nb4 11. Qf3 Qa5 12. O-O Bd7 13. Rad1 Rad8 14. a3 Na6
15. Ba2 b5 16. Nc6 Bxc6 17. dxc6 b4 18. axb4 Nxb4 19. Bb3 Rxd1 20. Rxd1 Rc8 21.
c7 Qxc7 22. Nb5 Qc6 23. Nxa7 Qxf3 24. gxf3 Re8 25. c3 Na6 26. Ba4 Rf8 27. b4
Nc7 28. c4 e5 29. b5 Ne6 30. b6 e4 31. Nc6 1-0

[Event "2LD 24/25,Namest n/Osl B-Lipa"]
[Site ""]
[Date "2024.11.03"]
[Round "2.3"]
[White "Miculka, Petr"]
[Black "Safarik, Jakub"]
[WhiteElo "1951"]
[BlackElo "2087"]
[Result "0-1"]
[PlyCount "72"]

1. e4 e6 2. d3 d5 3. Nd2 c5 4. Ngf3 Nc6 5. g3 g6 6. Bg2 Bg7 7. O-O Nge7 8. Re1
b6 9. Nf1 h6 10. h4 a5 11. c3 Ra7 12. e5 d4 13. c4 Rd7 14. N1h2 Bb7 15. Bf4 Qc7
16. Qe2 Kd8 17. Ng4 Kc8 18. Qd2 Nf5 19. Nf6 Rdd8 20. g4 Nxh4 21. Nxh4 g5 22.
Bh2 gxh4 23. f4 Bxf6 24. exf6 Rdg8 25. g5 hxg5 26. fxg5 e5 27. Bh3+ Kb8 28. Kf2
Bc8 29. Bg2 Bb7 30. Re4 Rh5 31. Rae1 Rhxg5 32. Bh3 Qd6 33. Qe2 Qxf6+ 34. Qf3
Qxf3+ 35. Kxf3 Nb4 36. Bf1 f5 0-1

[Event "2LD 24/25,Namest n/Osl B-Lipa"]
[Site ""]
[Date "2024.11.03"]
[Round "2.4"]
[White "Szucs, Matyas"]
[Black "Soucek, Andrej"]
[WhiteElo "2091"]
[BlackElo "1972"]
[Result "1/2-1/2"]
[PlyCount "77"]

1. e4 c5 2. Ne2 Nc6 3. Nbc3 Nf6 4. g3 g6 5. Bg2 Bg7 6. d3 d6 7. h3 Rb8 8. a4 a6
9. Be3 O-O 10. f4 Nd7 11. O-O Nd4 12. Qd2 b5 13. axb5 axb5 14. g4 b4 15. Nd1
Qc7 16. Rb1 Nxe2+ 17. Qxe2 Ra8 18. g5 Bb7 19. h4 f5 20. gxf6 Nxf6 21. f5 Nh5
22. fxg6 hxg6 23. Qg4 Kh7 24. Nf2 Qc8 25. Qg5 Qe6 26. Nh3 Qe5 27. Rf5 Qg3 28.
Qxg3 Nxg3 29. Ng5+ Kg8 30. Rxf8+ Rxf8 31. Ne6 Ra8 32. Nxg7 Kxg7 33. Bg5 Kf7 34.
Bh3 Ra2 35. Kf2 Nh5 36. Ke3 Nf6 37. Kd2 Bc6 38. Kd1 Bb5 39. Kd2 1/2-1/2

[Event "2LD 24/25,Namest n/Osl B-Lipa"]
[Site ""]
[Date "2024.11.03"]
[Round "2.5"]
[White "Simajchl, Adam"]
[Black "Sedivy, Martin"]
[WhiteElo "1821"]
[BlackElo "2113"]
[Result "0-1"]
[PlyCount "72"]

1. d4 Nf6 2. c4 e6 3. Nc3 c5 4. d5 exd5 5. cxd5 d6 6. h3 g6 7. Bf4 a6 8. a4 Bg7
9. Nf3 O-O 10. e3 Qc7 11. Nd2 Nbd7 12. Nc4 Ne8 13. Be2 Rb8 14. a5 b5 15. axb6
Nxb6 16. Na5 Bd7 17. O-O Nc8 18. Qc2 Bb5 19. Nc4 Qd7 20. e4 Nc7 21. Rab1 Bxc4
22. Bxc4 Nb5 23. Qa4 Qb7 24. Qa5 f5 25. Rfe1 fxe4 26. Bxb5 axb5 27. Ne2 Qxd5
28. Red1 Qc6 29. Qd2 Rb6 30. Rbc1 Re8 31. Be3 b4 32. Nf4 Ne7 33. Qc2 Nf5 34.
Nd5 Nxe3 35. Nxe3 Bh6 36. Qc4+ Kg7 0-1

[Event "2LD 24/25,Namest n/Osl B-Lipa"]
[Site ""]
[Date "2024.11.03"]
[Round "2.7"]
[White "Vojtech, Ladislav"]
[Black "Fiedler, Bedrich"]
[WhiteElo "1778"]
[BlackElo "2078"]
[Result "1-0"]
[PlyCount "89"]

1. d4 g6 2. Nf3 Bg7 3. c4 c5 4. g3 cxd4 5. Nxd4 Nc6 6. Nxc6 bxc6 7. Bg2 Rb8 8.
Nc3 Nf6 9. O-O O-O 10. Qc2 Ba6 11. Bf4 d6 12. b3 e5 13. Bg5 Qc7 14. e4 h6 15.
Be3 Rbd8 16. Rad1 Bc8 17. c5 dxc5 18. Bxc5 Rfe8 19. h3 Nd7 20. Be3 Nf8 21. Nb5
Qb8 22. Rxd8 Rxd8 23. Nxa7 Bb7 24. Nxc6 Bxc6 25. Qxc6 Rc8 26. Qb6 Qa8 27. Qa7
Qxa7 28. Bxa7 Ra8 29. Be3 Rxa2 30. Rb1 Ne6 31. b4 Nd4 32. b5 Bf8 33. b6 Ra8 34.
b7 Rb8 35. Bf1 Bc5 36. Kg2 Kg7 37. Bc4 f5 38. Bd5 fxe4 39. Bxe4 g5 40. Rc1 Bd6
41. Rc4 Kf6 42. Bxd4 exd4 43. Rxd4 Ke5 44. Ra4 Rf8 45. Bf3 1-0

[Event "2LD 24/25,Namest n/Osl B-Lipa"]
[Site ""]
[Date "2024.11.03"]
[Round "2.8"]
[White "Flasar, Jaroslav"]
[Black "Hladky, Mikulas"]
[WhiteElo "2015"]
[BlackElo "1787"]
[Result "1-0"]
[PlyCount "35"]

1. e4 c5 2. Nf3 d6 3. d4 cxd4 4. Nxd4 Nf6 5. Nc3 a6 6. a4 e6 7. Be3 b6 8. Bd3
Bb7 9. O-O Be7 10. f4 Nbd7 11. Nb3 Rc8 12. Qe2 Ra8 13. Rad1 Nc5 14. Nxc5 bxc5
15. e5 Nd7 16. exd6 Bxd6 17. Be4 Bxe4 18. Nxe4 1-0

[Event "2LD 24/25,Polabiny C-Policka"]
[Site ""]
[Date "2024.11.03"]
[Round "2.1"]
[White "Jedlicka, Ales"]
[Black "Cerveny, Petr"]
[WhiteElo "2094"]
[BlackElo "2279"]
[Result "1/2-1/2"]
[PlyCount "46"]

1. d4 Nf6 2. c4 e6 3. Nf3 Bb4+ 4. Nbd2 d5 5. a3 Be7 6. g3 c5 7. cxd5 exd5 8.
Bg2 Nc6 9. dxc5 Bxc5 10. O-O a5 11. Nb3 Bb6 12. Nbd4 O-O 13. b3 Re8 14. Bb2 Bg4
15. e3 Ne5 16. Qb1 Nxf3+ 17. Nxf3 Ne4 18. Qd3 Rc8 19. Nd4 h5 20. h3 Bd7 21.
Rac1 Qf6 22. Ba1 Qg6 23. Ne2 Bc7 1/2-1/2

[Event "2LD 24/25,Polabiny C-Policka"]
[Site ""]
[Date "2024.11.03"]
[Round "2.2"]
[White "Cesenek, Jan"]
[Black "Stocek, Martin"]
[WhiteElo "2035"]
[BlackElo "2082"]
[Result "1-0"]
[PlyCount "113"]

1. e4 c6 2. f4 d5 3. e5 h5 4. Nf3 Bg4 5. Be2 e6 6. c3 Nh6 7. a4 Nf5 8. O-O c5
9. d3 Nc6 10. Qb3 Rb8 11. Re1 c4 12. Qd1 Bxf3 13. Bxf3 cxd3 14. g3 Qb6+ 15. Kg2
h4 16. g4 h3+ 17. Kh1 Nh4 18. Qxd3 Rd8 19. f5 Be7 20. Na3 a6 21. Nc2 d4 22. Bf4
dxc3 23. Qxc3 Bb4 24. Bxc6+ bxc6 25. Nxb4 Qf2 26. Qxc6+ Kf8 27. Bg3 Qg2+ 28.
Qxg2 hxg2+ 29. Kg1 Nf3+ 30. Kxg2 Nxe1+ 31. Bxe1 exf5 32. Nxa6 fxg4 33. a5 Rc8
34. Nb4 Rh5 35. Bc3 Rh6 36. a6 Ra8 37. a7 Rb6 38. Nd5 Rb7 39. Bd4 f5 40. e6 f4
41. Nxf4 Ke7 42. Bc5+ Kf6 43. b4 g5 44. e7 gxf4 45. e8=Q Rxe8 46. a8=Q Rxa8 47.
Rxa8 Kf5 48. Ra7 Rb5 49. Rf7+ Ke4 50. Bd6 f3+ 51. Kg3 Rd5 52. Rf4+ Ke3 53. Bc5+
Ke2 54. Kxg4 Rd7 55. Re4+ Kf1 56. Kxf3 Rg7 57. Rg4 1-0

[Event "2LD 24/25,Polabiny C-Policka"]
[Site ""]
[Date "2024.11.03"]
[Round "2.3"]
[White "Lihotsky, Lukas"]
[Black "Novak, Ales"]
[WhiteElo "2076"]
[BlackElo "2078"]
[Result "1/2-1/2"]
[PlyCount "95"]

1. d4 d6 2. Nf3 Nd7 3. c4 e5 4. Nc3 Ngf6 5. e4 c6 6. Be2 Be7 7. O-O O-O 8. Qc2
Qc7 9. Rd1 Re8 10. Rb1 a5 11. a3 Nf8 12. b4 axb4 13. axb4 Bg4 14. Be3 N6d7 15.
d5 Rec8 16. dxc6 bxc6 17. h3 Be6 18. b5 c5 19. Nd5 Bxd5 20. cxd5 Nb6 21. Ra1
Nfd7 22. Nd2 Ra7 23. Ra6 Rca8 24. Rda1 Nb8 25. R6a2 Bd8 26. Bg4 Qb7 27. g3 Rxa2
28. Rxa2 Rxa2 29. Qxa2 Kf8 30. h4 Qa8 31. Qxa8 Nxa8 32. Nc4 Bc7 33. Kf1 Nb6 34.
Nxb6 Bxb6 35. Ke2 Ke7 36. f4 f6 37. fxe5 fxe5 38. Bg5+ Ke8 39. h5 h6 40. Bd2
Nd7 41. Bxd7+ Kxd7 42. g4 Bd8 43. Kd3 Kc8 44. Kc4 Kb7 45. Be3 Kb6 46. Bd2 Bg5
47. Be1 Bd8 48. Bd2 1/2-1/2

[Event "2LD 24/25,Polabiny C-Policka"]
[Site ""]
[Date "2024.11.03"]
[Round "2.5"]
[White "Juchelka, Marek"]
[Black "Kastner, Oldrich"]
[WhiteElo "1912"]
[BlackElo "2018"]
[Result "1/2-1/2"]
[PlyCount "41"]

1. e4 e6 2. c4 c5 3. Nf3 Nc6 4. d4 cxd4 5. Nxd4 Bc5 6. Be3 Nxd4 7. Bxd4 Bxd4 8.
Qxd4 Qg5 9. Nc3 Ne7 10. h4 Qf6 11. e5 Nc6 12. exf6 Nxd4 13. O-O-O e5 14. fxg7
Rg8 15. f4 d6 16. fxe5 dxe5 17. Nd5 Kd8 18. Re1 Nc6 19. Rd1 Nd4 20. Re1 Nc6 21.
Rd1 1/2-1/2

[Event "2LD 24/25,Polabiny C-Policka"]
[Site ""]
[Date "2024.11.03"]
[Round "2.6"]
[White "Lorenc, Oldrich"]
[Black "Cerny, Jan"]
[WhiteElo "1997"]
[BlackElo "1974"]
[Result "1/2-1/2"]
[PlyCount "51"]

1. Nf3 d5 2. g3 Nf6 3. Bg2 c6 4. O-O Bf5 5. c4 e6 6. d3 h6 7. Qb3 Qb6 8. Be3
Qxb3 9. axb3 a6 10. Nc3 Nbd7 11. d4 Be7 12. h3 O-O 13. Rfc1 Ne4 14. Nd2 Nxd2
15. Bxd2 Nf6 16. g4 Bg6 17. g5 hxg5 18. Bxg5 Rfe8 19. e3 Bd3 20. Na4 Nd7 21.
Bxe7 Rxe7 22. f4 g6 23. Kf2 Kg7 24. Rc3 Bf5 25. Rcc1 Rh8 26. Rh1 1/2-1/2